000 00392 a2200157 4500
001 154313
040 _cEscola São Tomás de Aquino
100 _aLOCKE, Jhon
240 1 0 _aEnsaio a cerca do entendimento humano
_lpor
245 1 0 _aEnsaio a cerca do entendimento humano
300 _a313
362 0 _a1991
440 1 _aNova cultural
697 _aFILOSOFIA E PSICOLOGIA
942 _cBK
999 _c154313
_d154313